Breve historia de la pintura en Colombia /

Historia de la pintura colombiana, cuya cobertura cronológica abarca desde el inicio del período colonial hasta fines del siglo XX. El recuento histórico es complementado con una cronología comparada del arte colombiano y latinoamericano, que se remonta hasta la etapa precolombina y concluye en la d...

Descripción completa

Guardado en:
Detalles Bibliográficos
Autor principal: Londoño Vélez, Santiago (autor)
Formato: Libro
Idioma:Español
Publicado: Bogotá, Colombia : Fondo de Cultura Económica 2005, c2005
Colección:(Tierra Firme. Continente Americano)
Temas:
Etiquetas: Agrega una etiqueta
Sin etiquetas, Sé el primero en etiquetar este registro!

MARC

LEADER 00000nam^a2200000^a^4500
001 000183402
005 20250521000000.0
009 20260310102041.118
020 |a 958-38-0103-8 
037 |a Acervo ITESO - Biblioteca 
041 |a ESP 
082 |a 759. 9861  |b LON 
100 |a Londoño Vélez, Santiago  |e (autor) 
245 1 0 |a Breve historia de la pintura en Colombia /  |c S. Londoño Vélez ; cronología de Beatriz Alvarez Rincón. 
264 4 |a Bogotá, Colombia :  |b Fondo de Cultura Económica  |c 2005, c2005 
300 |a 172, XVI p. 
336 |a texto  |b txt  |2 rdacontenido 
337 |a sin mediación  |b n  |2 rdamedio 
338 |a volumen  |b nc  |2 rdasoporte 
440 1 |a (Tierra Firme.  |p Continente Americano) 
520 |a Historia de la pintura colombiana, cuya cobertura cronológica abarca desde el inicio del período colonial hasta fines del siglo XX. El recuento histórico es complementado con una cronología comparada del arte colombiano y latinoamericano, que se remonta hasta la etapa precolombina y concluye en la década de 1990. 
649 |a XX 
650 |a Pintura Colombiana -  |x Historia y Crítica 
650 |a Arte Colombiano -  |x Historia y Crítica 
910 |a Fondo General 
920 |a Impresos - Libros 
930 |a Colección General 
905 |a 101 
901 |a 0500123611  |b IT1  |c ACC  |u 20250521 
902 |a https://opac.biblio.iteso.mx/vufind/Record/000183402